000 00420nam a2200169Ia 4500
005 20250423095758.0
008 250422s9999 xx 000 0 und d
020 _a8171698360
050 _aJZ 1242 .R38/
100 _aRathod, P. B.
245 0 _aInternational relations: concepts and theories
260 _aNew Delhi
260 _bCommonwealth Publishers Ltd.
260 _c2018
300 _a256 p
942 _cBK
999 _c31308
_d31308